000 00874nam a2200241 i 4500
001 C2-0307560
003 PPAK
005 20180728094305.0
008 110307s2008 xxu |||| ||||| | eng d
020 _a9781877673818
040 _aPPAK
_beng
_cPPAK
_erda
082 0 4 _a808
_223
090 0 0 _a808
_bHAN
_dLCK
100 1 _aHanley, Victoria.,
_eauthor
245 1 0 _aSeize the Story :
_ba handbook for teens who like to write
264 1 _aUnited States :
_bCottonwood Press. ,
_c2008
300 _a213 pages ;
_c24 cm
336 _2rdacontent
_atext
337 _2rdamedia
_aunmediated
338 _2rdacarrier
_avolume
650 1 0 _aChild authors Handbooks, manuals, etc. Juvenile literature. Creative writing Handbooks, manuals, etc. Juvenile literature. Authorship Juvenile literature. Authorship Vocational guidance Juvenile literature
942 _ddc
_cB
999 _c110303
_d110303